000 00572nam a2200181#a 4500
001 02295
003 HDC
007 ta
008 230623s2012 xx 000 0 eng d
020 _aHalal Industry Development Corporation.
040 _aHDC
245 4 _aThe offical launching of Global Halal Support Centre One Touch Point, 11th June 2012, :
_bvideo
_h[GMD] /
_cHalal Industry Development Corporation.
264 _aMalaysia :
_bPixelworks,
_c2012.
700 _a OneTouch Point.
700 _a OneTouch Point.
700 _aGlobal Halal Support Centre.
942 _2lcc
999 _c23854
_d23854